000
00258nam a22001217a 4500
008
171025b xxu||||| |||| 00| 0 eng d
041
_a
eng
080
_2
7 ED
_a
311
100
_a
55
101
_a
STA
245
_a
STATISTICS
_c
DIETRICH.S
942
_2
udc
_c
BK
999
_c
35951
_d
35951